LEADER 01338nam a2200289 i 4500 001 000000169705 003 CaOOAMICUS 005 20240126120210.0 008 080228s1966 it u000 u ita u 013 $a147108 040 $aSeMil$bita 100 1 $aUniversità cattolica del Sacro Cuore : Istituto di Filologia moderna.$0(OLS)http://semarc/name/6468 245 10$a2. 260 $aMilano :$bVita e Pensiero,$c1966. 300 $a368 p., 36 p. di tav., [1] c. di tav. 490 0 $aPubblicazioni dell'Università cattolica del Sacro Cuore. Contributi. Ser. 3., Scienze filologiche e letteratura ;$v12 500 $aFondo Card. Giovanni Colombo. 650 4$aFilologia romanza.$0(OLS)http://semarc/subject/8825 773 0 $tContributi dell'Istituto di filologia moderna.$dMilano : Vita e Pensiero, 1961-1966.$g2$w()13580 830 0$aPubblicazioni dell'Università cattolica del Sacro Cuore. Ser. 3., Scienze filologiche e letteratura. Contributi ;$v12.$0(OLS)http://semarc/title/24719 850 $aSeMil 852 $aSeMil$W1$xVenegono$y1$m1E V 40/A$j120614$B120614$CSeMilBibl$Z2$F132018 $81 941 1 $a3 961 $aLascito: Colombo Card. Giovanni 996 $6245$a2$9(OLS)http://semarc/title/46889 996 $6260$aMilano :$bVita e Pensiero$9(OLS)http://semarc/publisher/29642 LEADER 01399nam a2200241 i 4500 001 000000026595 003 CaOOAMICUS 005 20180830125447.0 008 180830s1844 fr u000 u und u 040 $aSeMil$bita 100 1 $aMarcel .$0(OLS)http://semarc/name/11952 245 10$aChefs-d'oeuvre de l'éloquence française et de la tribune anglaise extraits ... avec des notices historiques, des réflexions critiques et des jugements sur les différents genres d'éloquence, le génie des orateurs et le mérite des discours ... /$cpar l'abbé Marcel. 250 $a5. éd. 260 $aParis :$bHachette,$c1844. 260 $aParis ; Lyon :$bPerisse frères,$c1844. 300 $a3 v. ;$c23 cm. 650 4$aOratoria.$0(OLS)http://semarc/subject/4220 650 4$aEloquenza francese.$0(OLS)http://semarc/subject/4249 774 0 $tTribune.$b5. éd.$g1$w()212466 774 0 $tBarreau et Académie.$b5. éd.$g2$w()212467 996 $6245$aChefs-d'oeuvre de l'éloquence française et de la tribune anglaise extraits ... avec des notices historiques, des réflexions critiques et des jugements sur les différents genres d'éloquence, le génie des orateurs et le mérite des discours ...$9(OLS)http://semarc/title/35906 996 $6260$aParis ; Lyon :$bPerisse frères$9(OLS)http://semarc/publisher/30083 996 $6260$aParis :$bHachette$9(OLS)http://semarc/publisher/35394 LEADER 00878nam a2200229 i 4500 001 000000069118 003 CaOOAMICUS 005 20220309154215.0 008 080808s1928 it u000 u ita u 013 $a40290 040 $aSeMil$bita 245 10$aVol. 1. 264 1$aFirenze :$bVallecchi,$c1928. 300 $aLXXXVI, 227 p. ;$c20 cm. 700 1 $aCarlini, Armando,$d<1878-1959>.$0(OLS)http://semarc/name/4851 773 0 $aCarlini, Armando <1878-1959>$tFilosofia di G. Locke.$dFirenze : Vallecchi, 1928-1929.$b2. edizione riveduta.$kPensiero moderno$g1$w()19879 850 $aSeMil 852 $aSeMil$W1$xVenegono$y1$m2P II 39$j35271$B35271$CSeMilBibl$Z2$F35274 $81 961 $aLascito: Ciprandi dott. Paolo 996 $6245$aVol. 1$9(OLS)http://semarc/title/13429 996 $6264$aFirenze :$bVallecchi$9(OLS)http://semarc/publisher/29768